00406nam a2200157Ia 4500003000400000008004100004040001600045082001300061100001200074245004800086260004200134300001000176490002500186650001500211650002200226GCL140319s9999 xx 000 0 eng d aGCL / cGCL04a843bL V1 aLABICHE10aLE VOYAGE DE MONSIEUR PERRICHON / cLABICHE a[S.N] : bLE LIVRE DE POCHE ، c1994 a154 P aLE LIVRE DE POCHEv004aLITERATURE04aFRENCH LITERATURE